[Event "Caioba Telecom op"]
[Site "Caioba"]
[Date "2016.08.28"]
[Round "6"]
[White "Da Silva, Juliano Roberto Ner"]
[Black "Hilario, Hudson Coutinho"]
[Result "1-0"]
[WhiteElo "1801"]
[BlackElo "1800"]
[PlyCount "85"]
[EventDate "2016.08.26"]
[EventType "swiss"]
[EventRounds "6"]
[EventCountry "BRA"]
[SourceTitle "CBM 174 Extra"]
[Source "ChessBase"]
[SourceDate "2016.10.10"]
[SourceVersion "1"]
[SourceVersionDate "2016.10.10"]
[SourceQuality "1"]

1. d4 Nf6 2. c4 g6 3. Nc3 Bg7 4. Nf3 0-0 5. Bg5 h6 6. Bh4 d6 7. e3 Nbd7 8. Qc2 e5 9. dxe5 Nxe5 10. Nxe5 dxe5 11. Rd1 Bd7 12. Nd5 g5 13. Bg3 Nh5 14. Be2 Nxg3 15. hxg3 c6 16. Nc3 Qe7 17. 0-0 Rad8 18. a3 Be6 19. b4 f5 20. c5 Qf7 21. Rxd8 Rxd8 22. Nb1 Bb3 23. Qc1 Bd5 24. Nd2 b5 25. cxb6 axb6 26. Bc4 b5 27. Bxd5 cxd5 28. Qc6 Qd7 29. Rc1 d4 30. e4 f4 31. Qxd7 Rxd7 32. gxf4 gxf4 33. Rc5 Rb7 34. Nf3 Ra7 35. Nxe5 Rxa3 36. Rxb5 d3 37. Nf3 Ra1+ 38. Kh2 Re1 39. e5 Bxe5 40. Rd5 Re3 41. fxe3 d2 42. Nxe5 fxe3 43. Nf3 1-0